000 00358 a2200157 4500
001 68045
020 _a9783126749190
040 _cAnchieta - Pituba
100 _aMuntschick, Elisabeth
240 1 0 _a4 Zimmer, Küche, Bad
_l
245 1 0 _a4 Zimmer, Küche, Bad
300 _a48
362 0 _a2021
650 4 _aLiteratura juvenil em alemão
942 _cBK
999 _c68045
_d68045